00709nam a22001695i 4500001000700000003000900007005001700016008004100033040002000074100001800094245011700112260006600229300002100295600006700316651005700383852009900440160107ES-MaACL20251109133346.0040920s1891 xxu |||| | eng d aCAM bspa cCAM1 aMontt, Pedro.10aExposition of the illegal acts of ex-president Balmaceda which causes the civil war in Chile / cby Pedro Montt. aWashington : bGibson Bros., printed and bookbinders, c1891. a40 p. ; c23 cm.17aBalmaceda, José Manuel, cPresidente de Chile-y1886-18912 4aChile-xPolítica y gobierno-y1886-1891-vFuentes. aES-MaACLjT-549-F-5 z-- Enc. hol., conservando la cub. original z-- Enc. en un vol. facticio